000
00265nam a2200109Ia 4500
008
220120s9999||||xx |||||||||||||| ||und||
020
_a
140107835
100
_a
Rajput
_9
11465
245
0
_a
Mechnical Engineering Science
260
_b
New Delhi
300
_a
146p.
_b
150
999
_c
136407
_d
136407